[Event "GER-ch Youth U18 2019"]
[Site "Willingen"]
[Date "2019.06.12"]
[Round "6.9"]
[White "Muetsch, Annmarie"]
[Black "Schneider, Jana"]
[Result "1/2-1/2"]
[WhiteElo "2266"]
[BlackElo "2235"]
[Annotator "NA"]
[PlyCount "66"]
[EventDate "2019.06.07"]
[EventType "swiss"]
[EventRounds "9"]
[EventCountry "GER"]
[SourceTitle "playchess.com"]
[Source "ChessBase"]
[SourceQuality "1"]
[TimeControl "40/5400+30:1800+30"]

1. e4 {[%emt 0:00:00]} e5 {[%emt 0:00:00]} 2. Nf3 {[%emt 0:00:00]} Nc6 {[%emt 0:00:00]} 3. d4 {[%emt 0:00:00]} exd4 {[%emt 0:00:00]} 4. Nxd4 {[%emt 0:00:00]} Qf6 {[%emt 0:00:02]} 5. Nb5 {[%emt 0:00:19]} Bc5 {[%emt 0:00:16]} 6. Qe2 {[%emt 0:00:14]} Bb6 {[%emt 0:03:39]} 7. N1c3 {[%emt 0:00:10]} Nge7 {[%emt 0:03:09]} 8. Be3 {[%emt 0:00:13]} Ba5 {[%emt 0:01:31]} 9. O-O-O {[%emt 0:02:24]} a6 {[%emt 0:01:44]} 10. Nd5 {[%emt 0:00:27]} Nxd5 {[%emt 0:01:51]} 11. exd5 {[%emt 0:00:06]} Ne7 {[%emt 0:04:40]} 12. Na3 {[%emt 0:07:14]} b5 {[%emt 0:06:19]} 13. Bd4 {[%emt 0:01:46]} Qh6+ {[%emt 0:02:11]} 14. Kb1 {[%emt 0:00:55]} Bb4 {[%emt 0:02:56]} 15. Qe4 {[%emt 0:12:40]} Bd6 {[%emt 0:05:23]} 16. c4 {[%emt 0:07:46]} Bb7 {[%emt 0:12:16]} 17. Bd3 {[%emt 0:07:37]} bxc4 {[%emt 0:06:28]} 18. Nxc4 {[%emt 0:05:54]} Bxd5 {[%emt 0:00:33]} 19. Nxd6+ {[%emt 0:02:11]} Qxd6 {[%emt 0:01:57]} 20. Qh4 {[%emt 0:05:21]} f6 {[%emt 0:02:26]} 21. Rhe1 {[%emt 0:02:19]} Kd8 {[%emt 0:01:58]} 22. Bc3 {[%emt 0:02:15]} Rb8 {[%emt 0:08:33]} 23. Qg4 {[%emt 0:05:58]} g6 {[%emt 0:09:22]} 24. Qh4 {[%emt 0:00:23]} Rb6 {[%emt 0:00:24]} 25. Qh6 {[%emt 0:08:26]} Qc6 {[%emt 0:03:57]} 26. Kc1 {[%emt 0:03:15]} Qc5 {[%emt 0:02:21]} 27. Bc2 {[%emt 0:03:53]} Re6 {[%emt 0:06:01]} 28. Rxe6 {[%emt 0:00:41]} Bxe6 {[%emt 0:00:05]} 29. Bxf6 {[%emt 0:01:27]} Re8 {[%emt 0:00:29]} 30. Qxh7 {[%emt 0:01:55]} Qxf2 {[%emt 0:00:34]} 31. Bh4 {[%emt 0:04:35]} Qf4+ {[%emt 0:07:37]} 32. Kb1 {[%emt 0:00:06]} g5 {[%emt 0:00:18]} 33. Bg3 {[%emt 0:04:11]} Qc4 {[%emt 0:01:31] normal} 1/2-1/2

[Event "GER-ch Youth U18 2019"]
[Site "Willingen"]
[Date "2019.06.12"]
[Round "6.10"]
[White "Runte, Moritz"]
[Black "Wong, Gengchun"]
[Result "1-0"]
[WhiteElo "2096"]
[BlackElo "2144"]
[Annotator "NA"]
[PlyCount "61"]
[EventDate "2019.06.07"]
[EventType "swiss"]
[EventRounds "9"]
[EventCountry "GER"]
[SourceTitle "playchess.com"]
[Source "ChessBase"]
[SourceQuality "1"]
[TimeControl "40/5400+30:1800+30"]

1. e4 {[%emt 0:00:00]} c5 {[%emt 0:00:00]} 2. Nf3 {[%emt 0:00:00]} d6 {[%emt 0:00:00]} 3. d4 {[%emt 0:00:00]} cxd4 {[%emt 0:00:00]} 4. Nxd4 {[%emt 0:00:00]} Nf6 {[%emt 0:00:00]} 5. Nc3 {[%emt 0:00:02]} a6 {[%emt 0:00:00]} 6. g3 {[%emt 0:00:09]} e5 {[%emt 0:03:19]} 7. Nde2 {[%emt 0:00:08]} Be7 {[%emt 0:00:06]} 8. Bg2 {[%emt 0:00:09]} O-O {[%emt 0:00:09]} 9. O-O {[%emt 0:00:46]} Be6 {[%emt 0:00:48]} 10. h3 {[%emt 0:00:31]} Nbd7 {[%emt 0:00:55]} 11. g4 {[%emt 0:01:44]} b5 {[%emt 0:04:38]} 12. Ng3 {[%emt 0:06:04]} g6 {[%emt 0:03:38]} 13. Bh6 {[%emt 0:03:26]} Re8 {[%emt 0:02:50]} 14. g5 {[%emt 0:02:42]} Nh5 {[%emt 0:00:50]} 15. Nxh5 {[%emt 0:00:39]} gxh5 {[%emt 0:00:01]} 16. Qxh5 {[%emt 0:00:42]} Rc8 {[%emt 0:06:04]} 17. f4 {[%emt 0:23:52]} exf4 {[%emt 0:03:20]} 18. Rxf4 {[%emt 0:02:52]} Ne5 {[%emt 0:08:12]} 19. Raf1 {[%emt 0:03:47]} Rxc3 {[%emt 0:18:41]} 20. bxc3 {[%emt 0:00:36]} Bxa2 {[%emt 0:03:31]} 21. Rh4 {[%emt 0:12:47]} Ng6 {[%emt 0:04:35]} 22. e5 {[%emt 0:02:12]} Nxh4 {[%emt 0:09:29]} 23. Qxh4 {[%emt 0:00:19]} dxe5 {[%emt 0:00:56]} 24. Qh5 {[%emt 0:13:12]} Qb6+ {[%emt 0:09:31]} 25. Kh2 {[%emt 0:02:01]} Rd8 {[%emt 0:05:03]} 26. Be4 {[%emt 0:03:46]} Rd2+ {[%emt 0:01:11]} 27. Kh1 {[%emt 0:00:22]} Rf2 {[%emt 0:05:18]} 28. Rg1 {[%emt 0:01:59]} Rf4 {[%emt 0:09:12]} 29. g6 {[%emt 0:04:24]} Qxg1+ {[%emt 0:00:20]} 30. Kxg1 {[%emt 0:00:15]} Rxe4 {[%emt 0:00:15]} 31. gxh7+ {[%emt 0:00:43] normal} 1-0

[Event "GER-ch Youth U18 2019"]
[Site "Willingen"]
[Date "2019.06.12"]
[Round "6.12"]
[White "Wendler, David"]
[Black "Rockmann, Jan-Okke"]
[Result "1-0"]
[WhiteElo "2166"]
[BlackElo "1816"]
[Annotator "NA"]
[PlyCount "65"]
[EventDate "2019.06.07"]
[EventType "swiss"]
[EventRounds "9"]
[EventCountry "GER"]
[SourceTitle "playchess.com"]
[Source "ChessBase"]
[SourceQuality "1"]
[TimeControl "40/5400+30:1800+30"]

1. e4 {[%emt 0:00:00]} e5 {[%emt 0:00:00]} 2. Nf3 {[%emt 0:00:00]} Nc6 {[%emt 0:00:00]} 3. Bb5 {[%emt 0:00:00]} a6 {[%emt 0:00:00]} 4. Ba4 {[%emt 0:00:00]} Nf6 {[%emt 0:00:00]} 5. d3 {[%emt 0:00:02]} b5 {[%emt 0:00:39]} 6. Bb3 {[%emt 0:00:23]} Bc5 {[%emt 0:00:09]} 7. O-O {[%emt 0:00:40]} d6 {[%emt 0:00:27]} 8. c3 {[%emt 0:00:25]} h6 {[%emt 0:00:10]} 9. h3 {[%emt 0:01:11]} O-O {[%emt 0:00:31]} 10. Re1 {[%emt 0:00:59]} Bb6 {[%emt 0:00:22]} 11. Nbd2 {[%emt 0:01:10]} Ne7 {[%emt 0:00:18]} 12. Nf1 {[%emt 0:03:32]} Ng6 {[%emt 0:00:15]} 13. Ng3 {[%emt 0:04:28]} Re8 {[%emt 0:00:58]} 14. Nh2 {[%emt 0:06:29]} c6 {[%emt 0:06:43]} 15. Qf3 {[%emt 0:06:01]} d5 {[%emt 0:01:07]} 16. Ng4 {[%emt 0:04:07]} Re6 {[%emt 0:19:22]} 17. Nf5 {[%emt 0:07:35]} Bb7 {[%emt 0:01:24]} 18. a4 {[%emt 0:16:55]} c5 {[%emt 0:01:21]} 19. exd5 {[%emt 0:06:45]} Nxg4 {[%emt 0:05:37]} 20. hxg4 {[%emt 0:01:15]} Rf6 {[%emt 0:01:41]} 21. c4 {[%emt 0:06:47]} Nh4 {[%emt 0:02:14]} 22. Qh3 {[%emt 0:02:06]} Nxf5 {[%emt 0:00:30]} 23. gxf5 {[%emt 0:00:04]} Bc8 {[%emt 0:02:27]} 24. g4 {[%emt 0:01:32]} Qd6 {[%emt 0:02:05]} 25. Re4 {[%emt 0:09:40]} g6 {[%emt 0:01:00]} 26. f4 {[%emt 0:00:36]} gxf5 {[%emt 0:05:42]} 27. fxe5 {[%emt 0:00:24]} Qd7 {[%emt 0:00:13]} 28. exf6 {[%emt 0:05:53]} fxe4 {[%emt 0:00:30]} 29. dxe4 {[%emt 0:00:16]} bxc4 {[%emt 0:00:31]} 30. Bxc4 {[%emt 0:00:19]} Qxg4+ {[%emt 0:00:10]} 31. Qxg4+ {[%emt 0:00:22]} Bxg4 {[%emt 0:00:05]} 32. Bxh6 {[%emt 0:04:00]} Bf3 {[%emt 0:00:07]} 33. e5 {[%emt 0:00:23] normal} 1-0

[Event "GER-ch Youth U18 2019"]
[Site "Willingen"]
[Date "2019.06.12"]
[Round "6.13"]
[White "Knoedler, Marcel"]
[Black "Schnabel, Bennett"]
[Result "1/2-1/2"]
[WhiteElo "1633"]
[BlackElo "2125"]
[Annotator "NA"]
[PlyCount "77"]
[EventDate "2019.06.07"]
[EventType "swiss"]
[EventRounds "9"]
[EventCountry "GER"]
[SourceTitle "playchess.com"]
[Source "ChessBase"]
[SourceQuality "1"]
[TimeControl "40/5400+30:1800+30"]

1. c4 {[%emt 0:00:00]} f5 {[%emt 0:00:00]} 2. g3 {[%emt 0:00:00]} Nf6 {[%emt 0:00:00]} 3. Bg2 {[%emt 0:00:00]} g6 {[%emt 0:00:00]} 4. Nc3 {[%emt 0:01:22]} d6 {[%emt 0:00:19]} 5. b3 {[%emt 0:01:21]} Bg7 6. Bb2 {[%emt 0:00:33]} e5 {[%emt 0:00:34]} 7. e3 {[%emt 0:03:01]} O-O {[%emt 0:01:12]} 8. Nge2 {[%emt 0:01:01]} c6 {[%emt 0:00:11]} 9. d4 {[%emt 0:03:32]} e4 {[%emt 0:00:06]} 10. a3 d5 {[%emt 0:01:15]} 11. cxd5 {[%emt 0:08:07]} cxd5 {[%emt 0:00:10]} 12. Rc1 Be6 {[%emt 0:06:07]} 13. h4 {[%emt 0:11:52]} h6 {[%emt 0:00:32]} 14. Nf4 Bf7 {[%emt 0:03:45]} 15. Na4 {[%emt 0:12:42]} Nbd7 16. O-O g5 {[%emt 0:02:54]} 17. hxg5 {[%emt 0:04:13]} hxg5 {[%emt 0:00:02]} 18. Ne2 {[%emt 0:01:02]} Ng4 19. Rc3 b5 {[%emt 0:06:15]} 20. Nc5 {[%emt 0:09:21]} Nxc5 21. Rxc5 {[%emt 0:01:30]} Qb6 {[%emt 0:02:25]} 22. Bh3 {[%emt 0:13:46]} Rfc8 {[%emt 0:17:40]} 23. Qd2 Qh6 24. Bxg4 {[%emt 0:11:52]} fxg4 {[%emt 0:00:42]} 25. Rxc8+ {[%emt 0:00:14]} Rxc8 {[%emt 0:00:08]} 26. Rc1 {[%emt 0:00:33]} Re8 {[%emt 0:01:44]} 27. Qd1 Kh7 {[%emt 0:06:20]} 28. Kf1 {[%emt 0:06:53]} Qh1+ {[%emt 0:03:07]} 29. Ng1 {[%emt 0:00:10]} Rf8 {[%emt 0:01:34]} 30. Qxg4 {[%emt 0:03:41]} Qh6 {[%emt 0:10:39]} 31. Qh3 {[%emt 0:01:40]} Be6 {[%emt 0:14:06]} 32. Qxh6+ {[%emt 0:00:17]} Kxh6 {[%emt 0:00:33]} 33. Rc6 {[%emt 0:00:50]} Rf6 {[%emt 0:01:01]} 34. Ke1 Bf7 {[%emt 0:08:47]} 35. Rxf6+ {[%emt 0:00:39]} Bxf6 {[%emt 0:03:05]} 36. Bc3 {[%emt 0:00:39]} Be7 {[%emt 0:01:33]} 37. Ba5 {[%emt 0:00:44]} Bxa3 {[%emt 0:03:15]} 38. b4 {[%emt 0:01:18]} Bh5 {[%emt 0:00:13]} 39. Ne2 {[%emt 0:01:40] normal} 1/2-1/2

[Event "GER-ch Youth U18 2019"]
[Site "Willingen"]
[Date "2019.06.12"]
[Round "6.14"]
[White "Sureshkumar, Atchuthan"]
[Black "Hinrichs, Niklas"]
[Result "0-1"]
[WhiteElo "1502"]
[BlackElo "2115"]
[Annotator "NA"]
[PlyCount "58"]
[EventDate "2019.06.07"]
[EventType "swiss"]
[EventRounds "9"]
[EventCountry "GER"]
[SourceTitle "playchess.com"]
[Source "ChessBase"]
[SourceQuality "1"]
[TimeControl "40/5400+30:1800+30"]

1. e4 {[%emt 0:00:00]} c5 2. Nf3 {[%emt 0:00:00]} d6 {[%emt 0:00:00]} 3. d4 {[%emt 0:00:00]} cxd4 {[%emt 0:00:00]} 4. Nxd4 Nf6 {[%emt 0:00:00]} 5. Nc3 {[%emt 0:00:03]} a6 {[%emt 0:00:07]} 6. Bc4 {[%emt 0:01:00]} e6 {[%emt 0:06:41]} 7. Bg5 {[%emt 0:02:14]} Nc6 {[%emt 0:04:55]} 8. Qd2 Qc7 9. Bxf6 {[%emt 0:08:20]} gxf6 {[%emt 0:00:37]} 10. O-O-O {[%emt 0:04:05]} Bd7 {[%emt 0:03:24]} 11. a3 {[%emt 0:04:07]} Rb8 {[%emt 0:02:03]} 12. f3 {[%emt 0:01:38]} b5 {[%emt 0:00:27]} 13. Bb3 {[%emt 0:03:39]} Na5 {[%emt 0:01:36]} 14. Ba2 {[%emt 0:02:37]} Nc4 {[%emt 0:04:15]} 15. Qe2 {[%emt 0:05:31]} Nxa3 {[%emt 0:02:17]} 16. Nd5 {[%emt 0:02:05]} Bh6+ {[%emt 0:00:34]} 17. f4 exd5 {[%emt 0:00:06]} 18. exd5+ {[%emt 0:01:05]} Kd8 {[%emt 0:00:42]} 19. bxa3 {[%emt 0:01:40]} Bxf4+ {[%emt 0:03:27]} 20. Kb1 Be5 {[%emt 0:01:03]} 21. Qf2 {[%emt 0:04:05]} b4 22. axb4 {[%emt 0:00:46]} Rxb4+ {[%emt 0:00:37]} 23. Bb3 {[%emt 0:10:05]} Qc3 {[%emt 0:01:21]} 24. Qd2 Bxd4 25. Qxc3 {[%emt 0:01:10]} Bxc3 {[%emt 0:00:34]} 26. Rd3 Be5 {[%emt 0:00:39]} 27. Kc1 {[%emt 0:01:07]} Bf5 {[%emt 0:00:07]} 28. Rf3 {[%emt 0:01:32]} Be4 29. Rh3 {[%emt 0:00:36]} Bxg2 {[%emt 0:00:41] normal} 0-1

[Event "GER-ch Youth U18 2019"]
[Site "Willingen"]
[Date "2019.06.13"]
[Round "7.1"]
[White "Engel, Luis"]
[Black "Martin, Julian"]
[Result "1/2-1/2"]
[WhiteElo "2512"]
[BlackElo "2370"]
[Annotator "ChessBase"]
[PlyCount "62"]
[EventDate "2019.06.07"]
[EventType "swiss"]
[EventRounds "9"]
[EventCountry "GER"]
[SourceTitle "playchess.com"]
[Source "ChessBase"]
[SourceQuality "1"]
[TimeControl "40/5400+30:1800+30"]

1. e4 {[%emt 0:00:00]} c5 {[%emt 0:00:00]} 2. Nf3 {[%emt 0:00:00]} Nc6 {[%emt 0:01:16]} 3. Bb5 {[%emt 0:00:00]} g6 {[%emt 0:00:19]} 4. Bxc6 {[%emt 0:00:00]} bxc6 {[%emt 0:00:06]} 5. O-O {[%emt 0:00:00]} Bg7 {[%emt 0:00:11]} 6. Re1 {[%emt 0:00:03]} Nh6 {[%emt 0:00:09]} 7. c3 {[%emt 0:00:06]} O-O {[%emt 0:00:34]} 8. h3 {[%emt 0:00:04]} f5 {[%emt 0:00:22]} 9. e5 {[%emt 0:00:05]} Nf7 {[%emt 0:00:05]} 10. d3 {[%emt 0:00:05]} h6 {[%emt 0:00:12]} 11. Na3 {[%emt 0:09:33]} g5 {[%emt 0:00:56]} 12. Qa4 {[%emt 0:05:37]} d6 {[%emt 0:22:48]} 13. e6 {[%emt 0:14:55]} Nh8 {[%emt 0:00:17]} 14. Qxc6 {[%emt 0:09:08]} Rb8 {[%emt 0:02:23]} 15. Nc4 {[%emt 0:02:25]} Ng6 {[%emt 0:10:22]} 16. Qa4 {[%emt 0:06:31]} Rf6 {[%emt 0:24:06]} 17. d4 {[%emt 0:08:01]} g4 {[%emt 0:02:30]} 18. hxg4 {[%emt 0:00:27]} fxg4 {[%emt 0:00:07]} 19. Nh2 {[%emt 0:00:16]} cxd4 {[%emt 0:06:21]} 20. Nxg4 {[%emt 0:10:17]} Rxe6 {[%emt 0:01:26]} 21. Bxh6 {[%emt 0:02:17]} Rxe1+ {[%emt 0:01:38]} 22. Rxe1 {[%emt 0:00:05]} Bxg4 {[%emt 0:01:01]} 23. Bxg7 {[%emt 0:00:05]} Kxg7 {[%emt 0:00:14]} 24. Qxa7 {[%emt 0:00:06]} dxc3 {[%emt 0:07:30]} 25. Qd4+ {[%emt 0:01:25]} e5 {[%emt 0:00:13]} 26. Qxg4 {[%emt 0:00:57]} cxb2 {[%emt 0:00:37]} 27. Rb1 {[%emt 0:00:51]} Qc7 {[%emt 0:01:44]} 28. Rxb2 {[%emt 0:01:20]} Rxb2 {[%emt 0:05:13]} 29. Nxb2 {[%emt 0:00:05]} d5 {[%emt 0:01:17]} 30. Qd1 {[%emt 0:16:40]} d4 {[%emt 0:03:30]} 31. g3 {[%emt 0:05:53]} Qc3 {[%emt 0:02:25] normal} 1/2-1/2

[Event "GER-ch Youth U18 2019"]
[Site "Willingen"]
[Date "2019.06.13"]
[Round "7.2"]
[White "Buckels, Valentin"]
[Black "Muckle, Julius"]
[Result "1-0"]
[WhiteElo "2443"]
[BlackElo "2370"]
[Annotator "TA"]
[PlyCount "149"]
[EventDate "2019.06.07"]
[EventType "swiss"]
[EventRounds "9"]
[EventCountry "GER"]
[SourceTitle "playchess.com"]
[Source "ChessBase"]
[SourceQuality "1"]

{[%evp 10,149,13,13,29,21,14,13,40,36,40,45,43,44,41,36,33,36,31,-3,6,4,26,26,47,47,58,49,43,61,61,0,0,5,33,27,35,0,21,22,14,0,28,28,28,28,28,28,28,0,46,49,102,-84,-116,-79,-87,-294,-295,-295,-277,-297,-262,-837,-766,-674,-71,-59,-46,-477,-475,-387,0,0,0,0,0,0,0,0,63,64,86,90,91,93,91,85,91,71,71,55,55,48,70,55,56,56,208,208,208,208,1025,1025,1410,1200,1146,1025,1025,1005,933,846,511,270,1025,1025,1025,1017,1010,994,981,912,682,635,1346,1339,1311,1256,1175,1184,1126,0,0,0,0,0,0,0,29985,29986,29986,29987]} 1. Nf3 d5 2. g3 Nf6 3. Bg2 c6 4. c4 Bf5 5. Qb3 Qb6 6. d3 e6 {A11: English Opening: 1...c6} 7. Be3 Qxb3 8. axb3 Nbd7 {The position is equal.} (8... a6 9. Bd2 Nbd7 10. Bc3 Be7 11. Nbd2 c5 12. Ne5 d4 13. Nxd7 Nxd7 14. Ba5 {1-0 (45) Giri,A (2783)-Aronian,L (2765) St Petersburg 2018}) 9. Rxa7 Rxa7 10. Bxa7 Bb4+ 11. Nc3 O-O $146 ({Predecessor:} 11... c5 12. O-O Ke7 13. Nh4 Ra8 14. Nxf5+ exf5 {1-0 (35) Sokolov,I (2623)-Smeets,J (2598) Amstelveen 2016}) 12. Bd4 Ra8 13. O-O Bg4 {next ...Bxf3 is good for Black.} 14. Nd1 e5 {Threatens to win with ...Bxf3.} 15. Bc3 Bd6 16. b4 Ra2 17. h3 Be6 18. c5 Bc7 {Black wants to play ...d4.} 19. d4 {[%cal Rf3e5]} Ne4 20. Be1 ({White should try} 20. Nxe5 $14 Nxe5 21. Bxe4) 20... f6 $11 21. e3 Nf8 22. Kh2 Bf7 23. Nd2 Nxd2 24. Bxd2 Ne6 25. Bc3 Bg6 26. f4 {aiming for f5.} Bd3 27. Re1 {[%cal Rd4e5]} e4 ({Much worse is} 27... exf4 $6 28. exf4 Kf7 29. Ne3 $16) 28. Nf2 Bc4 29. h4 f5 30. g4 g6 (30... Bd8 $1 $14 31. Kg3 g6) 31. Rg1 $2 {[#]} (31. gxf5 $1 $16 Ng7 32. fxg6) 31... Nxf4 $1 $17 {[%mdl 512]} 32. exf4 Bxf4+ 33. Kh1 $2 (33. Kh3 $17 {was the only defense.}) 33... Be3 $19 34. Bf1 Bxf2 35. Bxc4 dxc4 {[%mdl 4096] Endgame KRB-KRB} 36. Rg2 $2 (36. Rf1 e3 37. gxf5) 36... e3 37. gxf5 Kf7 $2 (37... Ra1+ $1 $19 {and Black stays clearly on top.} 38. Kh2 Rc1 39. fxg6 h5) 38. fxg6+ $17 hxg6 39. Rh2 $2 {[%mdl 8192]} ({Better is} 39. Rg4 $1 $15) 39... Ke6 $19 40. Kg2 {[#]} Kd5 $2 (40... Be1 $1 $19 {[%cal Re1c3][%mdl 512]} 41. Bxe1 Rxb2+ 42. Kg3 Rxh2 43. Kxh2 Kd5) 41. Kf3 $11 {Strongly threatening h5.} Ra8 $1 {[%cal Ra8f8] Hoping for ...Rf8+.} 42. Rg2 Rf8+ 43. Ke2 Bxh4 {White must now prevent ...Rf2+.} 44. Rxg6 Bf6 ({Black should play} 44... Re8 $11) 45. Kxe3 $14 Re8+ 46. Kd2 Rf8 47. Kc2 Rf7 48. Rh6 Bg7 49. Rd6+ Ke4 50. Re6+ Kd5 51. Re8 Rd7 52. Re2 Rf7 53. Rg2 Ke4 $2 (53... Bh6 $14) 54. d5 $18 Bxc3 55. Kxc3 {dxc6 is the strong threat. KR-KR} Rf3+ $2 (55... Kxd5 56. Rd2+ Ke6) 56. Kxc4 cxd5+ 57. Kb5 d4 58. Rg7 ({Less strong is} 58. Kb6 Rb3 $18) 58... d3 59. Re7+ Kd4 60. Rd7+ Ke3 61. Rxb7 {And now Re7+ would win.} Rf4 $2 (61... Rf5 62. Re7+ Kd4 63. Rd7+ Rd5 64. Rxd5+ Kxd5) 62. Rd7 Rd4 63. Rxd4 Kxd4 {KP-KP} 64. c6 {Threatening mate with c7.} d2 65. c7 d1=Q 66. c8=Q {KQ-KQ} Qf1+ 67. Kb6 Qf6+ 68. Qc6 Qd8+ 69. Ka6 {White threatens Qb6+ and mate.} Qf8 {[#]} 70. Qc5+ $1 Qxc5 $11 71. bxc5 Kxc5 72. Ka5 {Intending b4+ and mate.} Kc6 $1 73. b4 {[%cal Bb2b4,Bb4b5][%mdl 32] White wants to mate with Ka6.} Kc7 $2 {[%mdl 8192]} (73... Kb7 $11) 74. Ka6 Kb8 75. b5 {Accuracy: White = 52%, Black = 39%.} 1-0

[Event "GER-ch Youth U18 2019"]
[Site "Willingen"]
[Date "2019.06.13"]
[Round "7.3"]
[White "Schmider, Niklas"]
[Black "Parvanyan, Ashot"]
[Result "1/2-1/2"]
[WhiteElo "2300"]
[BlackElo "2421"]
[Annotator "TA"]
[PlyCount "168"]
[EventDate "2019.06.07"]
[EventType "swiss"]
[EventRounds "9"]
[EventCountry "GER"]
[SourceTitle "playchess.com"]
[Source "ChessBase"]
[SourceQuality "1"]

{[%evp 22,168,9,0,-5,-7,-7,-7,-8,-9,-6,-8,13,20,16,19,12,17,21,9,18,18,21,27,68,50,72,68,62,41,48,50,82,82,82,82,82,83,117,112,116,100,109,109,166,164,171,126,129,129,133,133,133,94,102,130,147,147,147,146,150,150,151,140,149,141,147,110,116,110,135,134,139,106,106,114,221,228,233,226,200,124,231,70,70,70,77,70,69,32,70,53,58,20,43,43,43,43,43,43,43,43,43,43,43,43,43,43,43,43,43,43,43,43,43,43,43,43,43,43,43,43,43,0,43,0,43,43,43,8,8,0,43,43,43,8,8,8,8,8,8,8,8,8,8,8,8,8,8]} 1. e4 e6 2. d4 d5 3. exd5 exd5 4. Nf3 Nc6 5. Bb5 Bd6 6. c4 dxc4 7. d5 a6 8. Ba4 b5 9. dxc6 bxa4 10. O-O Ne7 11. Nbd2 O-O 12. Qxa4 Rb8 {C01: French: Exchange Variation} 13. Nxc4 (13. a3 c3 14. bxc3 Qe8 15. Nd4 Bb7 16. Re1 Bxc6 17. Qxa6 Ba8 18. Ne4 Be5 19. Qd3 Qd7 20. Ng5 {1-0 (32) Gelfand,B (2673)-Alekseev,E (2639) St Petersburg 2018}) 13... Rb4 14. Qc2 Bf5 15. Qc3 $1 Nd5 ({Much weaker is} 15... Nxc6 $6 16. Nxd6 Qxd6 17. Be3 $16) 16. Qd4 Be7 $146 {aiming for ...Bf6.} (16... Nb6 $5 17. b3 $8 Nxc4 18. bxc4 Be6 $11) ({Predecessor:} 16... Nb6 17. b3 Nxc4 18. bxc4 Be6 19. Bb2 {0-1 (64) Vajda,S (2401)-Glud,J (2418) Obro 2006}) 17. b3 Bf6 18. Nfe5 {Threatens to win with Ba3.} Nb6 19. Qxd8 Rxd8 20. Bb2 Nxc4 21. Nxc4 Bxb2 22. Nxb2 Be4 23. Rfe1 Re8 24. Rac1 (24. Red1 {seems wilder.} Bxc6 25. Rac1 Rbe4 26. Nd3 Rd4 27. f3) 24... Rd4 25. Nc4 Bxc6 26. Ne3 Bb5 27. Rxc7 g6 28. Rec1 Kg7 29. Ra7 Rf4 30. a4 Bd3 31. h3 $36 {[%mdl 2048] Keeping Black busy.} Rb8 32. Rc3 Bb1 (32... Rd8 $16 33. f3 h5) 33. Rxa6 Ba2 34. Nd5 Rd4 35. Rb6 Rxb6 36. Nxb6 $16 {[%mdl 4096] Endgame KRB-KRN} Rb4 37. Nd7 {Black must now prevent Nc5.} Bxb3 38. a5 Bd5 {[#]} 39. Ra3 $1 Rb7 40. Nc5 Ra7 41. f3 Kf6 42. Kf2 Ke5 43. Ke3 Bc4 44. Nd3+ Kd5 45. h4 f6 46. g4 g5 47. hxg5 fxg5 48. Nf2 Kc5 {[#]} (48... h6 $16) 49. Ne4+ $1 $18 Kb4 50. Ra1 h6 51. Nd6 Bd5 (51... Re7+ $16 52. Kf2 Ba6) 52. Nf5 $2 (52. a6 $18) 52... Ra6 $1 $14 53. Kf2 Ba8 54. Kg3 Bd5 55. Ne3 Ba8 56. Rb1+ Kc5 57. Rb6 Rxb6 58. axb6 Kxb6 $11 {KB-KN} 59. Nf5 Kc7 60. Nxh6 Bd5 61. Nf5 {And now Kf2 would win.} Kd7 62. Ne3 Bb7 63. Nd1 Ke6 64. Kf2 Kf6 65. Ke3 Bd5 66. Nc3 Bc6 67. Ne2 Bd5 68. Nd4 Bb7 69. Nb5 Bd5 70. Nd6 Bc6 71. Nf5 Bd5 72. Nd4 Bb7 73. Ne2 Bd5 74. Ng1 Bb7 75. Kd3 Ke5 76. Ke3 Bc6 77. Nh3 Kf6 78. f4 gxf4+ {The position is equal.} 79. Kxf4 Bd7 80. g5+ Kg6 81. Ng1 Bf5 82. Nf3 {White wants to mate with Ne5+.} Bb1 83. Kg4 Bf5+ 84. Kh4 Bb1 {Accuracy: White = 73%, Black = 64%.} 1/2-1/2

[Event "GER-ch Youth U18 2019"]
[Site "Willingen"]
[Date "2019.06.13"]
[Round "7.4"]
[White "Roseneck, Jonas"]
[Black "Browning, Alex"]
[Result "1-0"]
[WhiteElo "2403"]
[BlackElo "2319"]
[Annotator "NA"]
[PlyCount "93"]
[EventDate "2019.06.07"]
[EventType "swiss"]
[EventRounds "9"]
[EventCountry "GER"]
[SourceTitle "playchess.com"]
[Source "ChessBase"]
[SourceQuality "1"]
[TimeControl "40/5400+30:1800+30"]

1. e4 {[%emt 0:00:00]} c5 {[%emt 0:00:00]} 2. Nf3 {[%emt 0:00:00]} d6 {[%emt 0:00:00]} 3. d4 {[%emt 0:00:00]} cxd4 {[%emt 0:00:00]} 4. Nxd4 {[%emt 0:00:00]} Nf6 {[%emt 0:00:00]} 5. Nc3 {[%emt 0:00:00]} a6 {[%emt 0:00:06]} 6. Be3 {[%emt 0:00:00]} Ng4 {[%emt 0:00:12]} 7. Bc1 {[%emt 0:00:00]} Nf6 {[%emt 0:00:06]} 8. f3 {[%emt 0:00:00]} e5 {[%emt 0:00:12]} 9. Nb3 {[%emt 0:00:00]} Be7 {[%emt 0:00:37]} 10. Be3 {[%emt 0:00:02]} Be6 {[%emt 0:00:16]} 11. Qd2 {[%emt 0:00:08]} h5 {[%emt 0:00:06]} 12. Nd5 {[%emt 0:00:25]} Nxd5 {[%emt 0:00:25]} 13. exd5 {[%emt 0:00:05]} Bf5 {[%emt 0:00:06]} 14. Be2 {[%emt 0:04:57]} Nd7 {[%emt 0:03:47]} 15. O-O {[%emt 0:01:06]} O-O {[%emt 0:04:33]} 16. Na5 {[%emt 0:04:02]} Qc7 {[%emt 0:01:53]} 17. c4 {[%emt 0:00:03]} Bd8 {[%emt 0:06:22]} 18. b4 {[%emt 0:04:16]} Qc8 {[%emt 0:11:06]} 19. Nb3 {[%emt 0:08:25]} b6 {[%emt 0:03:13]} 20. Rac1 {[%emt 0:11:19]} Qb7 {[%emt 0:08:48]} 21. Kh1 {[%emt 0:20:01]} Re8 {[%emt 0:14:58]} 22. f4 {[%emt 0:04:20]} Bg4 {[%emt 0:06:37]} 23. Bxg4 {[%emt 0:04:53]} hxg4 {[%emt 0:00:16]} 24. fxe5 {[%emt 0:00:31]} Nxe5 {[%emt 0:02:28]} 25. c5 {[%emt 0:00:12]} b5 {[%emt 0:04:47]} 26. c6 {[%emt 0:05:08]} Qe7 {[%emt 0:00:24]} 27. Bd4 {[%emt 0:00:39]} Nc4 {[%emt 0:06:19]} 28. Qf2 {[%emt 0:00:47]} Rf8 {[%emt 0:01:33]} 29. Nd2 {[%emt 0:05:59]} Nxd2 {[%emt 0:01:44]} 30. Qxd2 {[%emt 0:00:01]} Bc7 {[%emt 0:00:51]} 31. Rce1 {[%emt 0:03:42]} Qh4 {[%emt 0:01:48]} 32. Qf4 {[%emt 0:10:06]} f5 {[%emt 0:05:08]} 33. g3 {[%emt 0:03:32]} Qd8 {[%emt 0:03:22]} 34. Re6 {[%emt 0:00:29]} Rf7 {[%emt 0:01:27]} 35. Rfe1 {[%emt 0:04:48]} Kh7 {[%emt 0:00:19]} 36. Bc3 {[%emt 0:02:20]} Rb8 {[%emt 0:03:14]} 37. Kg2 {[%emt 0:00:10]} Ra8 {[%emt 0:00:20]} 38. Rh1 {[%emt 0:00:39]} a5 {[%emt 0:01:51]} 39. a3 {[%emt 0:02:03]} axb4 {[%emt 0:00:09]} 40. Bxb4 {[%emt 0:00:02]} g5 {[%emt 0:01:12]} 41. Qe3 {[%emt 0:04:56]} Bb6 {[%emt 0:01:48]} 42. Qd3 {[%emt 0:00:10]} Qh8 {[%emt 0:00:21]} 43. h3 {[%emt 0:02:10]} Qb2+ {[%emt 0:04:19]} 44. Re2 {[%emt 0:00:11]} Qg7 {[%emt 0:00:52]} 45. hxg4+ {[%emt 0:00:25]} Kg8 {[%emt 0:00:08]} 46. Bc3 {[%emt 0:00:39]} Rxa3 {[%emt 0:00:11]} 47. Re8+ {[%emt 0:00:04] normal} 1-0